000 00539nam a2200181Ia 4500
008 100920s9999 xx 000 0 und d
082 _b65851
_a24 0
100 _aअभ्यंकर कुसूम.
245 _aमी हरले ती जिंकली.
260 _b---
_c0
300 _a178
_bसाधी
365 _b60
520 _aसायो.
630 _aमी हरले ती जिंकली.
650 _aसायो.
730 _aमी हरले ती जिंकली.
942 _cBOOK
999 _c708559
_d708556